000 00918nam a2200241 a 4500
001 62907
003 BD-RjUL
005 20211209081136.0
008 170126s1934 enk 000 0 eng d
035 _a(BD-RjUL)63035
035 _a(OCoLC)4991291
040 _aDZM
_cDZM
_dm.c
_dBD-RjUL
_beng
041 _aeng
082 _a821.1
_223
_bLOG 1934
100 1 _aLowes, John Livingston,
_d1867-1945.
_9187072
245 1 0 _aGeoffrey Chaucer :
_blectures delivered in 1932 on the William J. Cooper Foundation in Swarthmore College /
_cby John Livingston Lowes.
260 _aOxford :
_bClarendon Press,
_c1934.
300 _a199 p. ;
_c22 cm.
505 0 0 _aContents: 1. Backgrounds and horizons -- 2. The world of affairs -- 3. The world of books -- 4. Old forms and new content -- 5. The mastered art -- 6. The human comedy.
600 1 0 _aChaucer, Geoffrey,
_d-1400.
_9187074
942 _2ddc
_cBK
999 _c62907
_d62907